| 000 | 00752nam a2200205 i 4500 | ||
|---|---|---|---|
| 001 | 93447 | ||
| 003 | ES-MaACL | ||
| 005 | 20230906181227.0 | ||
| 007 | t| | ||
| 008 | 050526s1911 sp ||||1| spa d | ||
| 100 | 1 |
_aMarín del Campo, Rafael. _976786 |
|
| 245 | 1 | 0 |
_aUn año en el ejército italiano / _cpor Rafael Marín del Campo ; con un prólogo de José Ximénez de Sandoval. |
| 260 |
_aBarcelona : _b[s.n.], _c1911 ( _fImprenta de la Revista Científico-Militar) |
||
| 300 |
_a545 p. ; _c23 cm. |
||
| 490 | 1 | _aPublicaciones de la Revista Científico-Militar | |
| 700 | 1 |
_aXiménez de Sandoval, José. _9117511 |
|
| 830 | 0 |
_aPublicaciones de la Revista Científico-Militar _9181177 |
|
| 852 |
_aES-MaACL _jG-9138(1) |
||
| 999 |
_c93447 _d93447 |
||